000 00483cam9a220018100 4500
001 tmp15886434
003 UPRA
005 20190816085253.0
008 951108s1977 xx eng u
035 _a(Sirsi) r37440
035 _a(UPRA)tmp15886434
040 _cUPRA
100 1 _aVan Sleen, Lucas A.
_6A33321.1
245 1 0 _aReconnaissance soil survey Luena sugarcane area Juapula Province.
260 _c1977.
949 _aA42(O8)
_wlcc
_mMAIN
_tBOOK
_lON-SHELF
004 37440
999 _c80266
_d80266